000
00323pam a2200157a 44500
008
230515b2007 xxu||||| |||| 00| 0 eng d
020
_a
NULL
041
_a
MARATHI
082
_a
891.46
100
_a
BHANDARI
245
_a
LAST BALANCE ZERO
250
_a
1
260
_a
_b
NA
_c
2007
300
_a
223
650
_a
NULL
999
_c
635871
_d
635871